Sociální ekonomie - směr nebo přístup

Vymedzenie pojmu sociálna ekonómia. Spoločné prvky v prístupoch a charakteristika sociálnej ekonómie. 6 dominantných charakteristických čŕt sociálnej ekonómie.

Salvato in:
Dettagli Bibliografici
Autore principale: Dušková, Jitka
Altri autori: Fuchs, Kamil
Natura: Capitolo di libro
Lingua:ceco
Soggetti:
Tags: Aggiungi Tag
Nessun Tag, puoi essere il primo ad aggiungerne!!

MARC

LEADER 00000naa$a2200000$$$4500
001 0091942
005 20231128130250.8
041 0 |a cze 
044 |a CZ 
245 1 0 |a Sociální ekonomie - směr nebo přístup  |c Jitka Dušková, Kamil Fuchs 
520 |a Vymedzenie pojmu sociálna ekonómia. Spoločné prvky v prístupoch a charakteristika sociálnej ekonómie. 6 dominantných charakteristických čŕt sociálnej ekonómie. 
610 2 0 |a teórie ekonomické 
610 2 0 |a marginalizmus 
610 2 0 |a spoločnosť 
610 2 0 |a javy ekonomické 
100 1 |a Dušková, Jitka 
700 1 |a Fuchs, Kamil